Keeping the republic power and citizenship in american politics (Record no. 42035)
[ view plain ]
| 000 -LEADER | |
|---|---|
| fixed length control field | 00336nam a22001337a 4500 |
| 008 - FIXED-LENGTH DATA ELEMENTS--GENERAL INFORMATION | |
| fixed length control field | 180207b xxu||||| |||| 00| 0 eng d |
| 020 ## - INTERNATIONAL STANDARD BOOK NUMBER | |
| International Standard Book Number | 9781483352725 |
| 041 ## - LANGUAGE CODE | |
| Language code of text/sound track or separate title | eng |
| 080 ## - UNIVERSAL DECIMAL CLASSIFICATION NUMBER | |
| Edition identifier | 7th |
| Universal Decimal Classification number | 32 |
| 100 ## - Rafti | |
| Rafti | 19 |
| 101 ## - Shkurtesa | |
| Shkurtesa | POL |
| 245 ## - TITLE STATEMENT | |
| Title | Keeping the republic power and citizenship in american politics |
| Statement of responsibility, etc | Barbour,C |
| 942 ## - ADDED ENTRY ELEMENTS (KOHA) | |
| Source of classification or shelving scheme | |
| Item type | Books |
| Withdrawn status | Lost status | Source of classification or shelving scheme | Damaged status | Not for loan | Collection code | Permanent location | Current location | Shelving location | Date acquired | Total Checkouts | Full call number | Barcode | Date last seen | Price effective from | Koha item type |
|---|---|---|---|---|---|---|---|---|---|---|---|---|---|---|---|
| Koleksioni i përgjithshem | UBT - Lipjan | UBT - Lipjan | Koleksioni i përgjithshem | 02/07/2018 | 32 BAR | 002-2999180 | 02/07/2018 | 02/07/2018 | Books | ||||||
| Koleksioni i përgjithshem | UBT - Lipjan | UBT - Lipjan | Koleksioni i përgjithshem | 02/07/2018 | 32 BAR | 002-2999181 | 02/07/2018 | 02/07/2018 | Books | ||||||
| Koleksioni i përgjithshem | UBT - Lipjan | UBT - Lipjan | Koleksioni i përgjithshem | 02/07/2018 | 32 BAR | 002-2999182 | 02/07/2018 | 02/07/2018 | Books | ||||||
| Koleksioni i përgjithshem | UBT - Lipjan | UBT - Lipjan | Koleksioni i përgjithshem | 02/07/2018 | 32 BAR | 002-2999183 | 02/07/2018 | 02/07/2018 | Books | ||||||
| Koleksioni i përgjithshem | UBT - Lipjan | UBT - Lipjan | Koleksioni i përgjithshem | 02/07/2018 | 32 BAR | 002-2999184 | 02/07/2018 | 02/07/2018 | Books |